00463nam a2200193 a 4500001001300000003000900013005001700022008004100039020001000080082001300090100002000103245002500123260002900148300000900177500003500186505001400221650001400235700002000249nice12345678IN_TiNIC20260116012247.0050524s1967 lona grp 000 0 eng  ac10000a234bCUL aCullmann, Oscar aSalvation in History aLondonbScm Press c1967 a352p aincludes index and biblioraphy2 aReference aSalvation1 aCullmann, Oscar